000 00766nam a2200229Ia 4500
999 _c39273
_d39273
001 5859
003 GE_BSU
005 20190917164016.0
008 181216s1999||||ge |||||||||||||| ||geo||
040 _cGE_BSU
041 _ageo
080 _a821.353.1-1 ა-61
100 _aანანიძე, ლ.
_94068
245 _aერთგულება :
_bლექსები /
_cლ. ანანიძე ; რედ. ჯ. სურმანიძე.
264 _aბათუმი :
_bაჭარა ;
_c1999.
300 _a87 გვ. ;
_c19 სმ.
541 _h7ლ.
653 _aერთგულება
653 _aლექსები
700 _aსურმანიძე, ჯ.
_eრედაქტორი
_94069
942 _cBK
_2udc